[Event "TCh-BEL 2002-3"]
[Site "Belgium BEL"]
[Date "2002.12.23"]
[Round "5"]
[White "Vanderstricht,G"]
[Black "Naiditsch,A"]
[Result "1-0"]
[WhiteElo "2403"]
[BlackElo "2586"]

1.d4 Nf6 2.c4 e6 3.Nf3 b6 4.g3 Ba6 5.Nbd2 Bb7 6.Qc2 c5 7.dxc5 bxc5 8.Bg2 Nc6
9.O-O Be7 10.b3 Qc7 11.Bb2 d6 12.Rad1 O-O 13.Ne4 Nxe4 14.Qxe4 Nb4 15.Qb1 Rfb8
16.h4 h6 17.Bc3 a5 18.a3 Nc6 19.a4 Ra6 20.Qb2 Bf8 21.e3 Nd8 22.Qc2 Bc6 23.Nd2 Bxg2
24.Kxg2 Nc6 25.Qe4 Rd8 26.Rb1 d5 27.cxd5 exd5 28.Qd3 Qb7 29.e4 d4 30.Bb2 Ne5
31.Qe2 c4 32.bxc4 Rb6 33.Ba1 Bb4 34.Nf3 Nxf3 35.Qxf3 d3 36.Rfd1 d2 37.Bc3 Rbd6
38.Bxb4 axb4 39.e5 Rc6 40.Rb2 b3 41.Rxb3 Qa8 42.a5 Rxc4 43.Rb7 f6 44.exf6 gxf6
45.Qb3 Kh8 46.Qb6 Rf8 47.Rxd2 Qe8 48.Qb1  1-0

[Event "Open A"]
[Site "Bethune FRA"]
[Date "2002.12.26"]
[Round "1"]
[White "Vigneron,F"]
[Black "Vanderstricht,G"]
[Result "0-1"]
[WhiteElo "2085"]
[BlackElo "2403"]

1.d4 Nf6 2.c4 e6 3.Nf3 b6 4.g3 Ba6 5.b3 b5 6.Bg2 bxc4 7.bxc4 Bxc4 8.O-O Bd5
9.Nc3 Bb4 10.Nxd5 exd5 11.Qb3 a5 12.Bg5 c6 13.a3 Be7 14.Ne5 O-O 15.Qb7 Ra6
16.Rfb1 h6 17.Bxf6 Bxf6 18.e3 a4 19.Nd3 Qa5 20.Nc5 Ra7 21.Qb4 Be7 22.Ra2 Bxc5
23.dxc5 Qd8 24.Rab2 Ra8 25.Bf1 Na6 26.Qb6 Nc7 27.Bd3 Ne6 28.Bf5 Qe7 29.Bxe6 fxe6
30.Qb4 e5 31.Qg4 Rfd8 32.Rb4 Qxc5 33.Rxa4 Rxa4 34.Qxa4 Qc4 35.Qa7 Kh7 36.Qc7 Rf8
37.Qxd7 Rxf2 38.Kxf2 Qc2+ 39.Kf3 Qxb1 40.Qxc6 Qd1+ 41.Kf2 Qd2+ 42.Kf1 Qd3+
43.Kf2 d4 44.exd4 e4 45.Qe6 Qf3+ 46.Ke1 e3  0-1

[Event "11th Donau Open"]
[Site "Aschach AUT"]
[Date "2002.12.28"]
[Round "4"]
[White "Orel,O"]
[Black "Webersberger,J"]
[Result "1/2-1/2"]
[WhiteElo "2322"]
[BlackElo "2119"]

1.d4 Nf6 2.Nf3 e6 3.c4 b6 4.g3 Ba6 5.Qa4 c5 6.Bg2 Bb7 7.dxc5 Bxc5 8.O-O O-O
9.Nc3 Qc8 10.Bf4 d5 11.cxd5 Nxd5 12.Nxd5 Bxd5 13.Rfc1 Qa6 14.Qc2 Nc6 15.a3 Bxf3
16.Bxf3 Nd4 17.Qc4 Nxf3+ 18.exf3 Qb7 19.b4 Be7 20.Qc7 Qxc7 21.Rxc7 Bf6 22.Rd1 Rfd8
23.Rxd8+ Bxd8 24.Rb7 a5 25.Be3 Kf8 26.Bxb6 Bxb6 27.Rxb6 axb4 28.axb4 Ra1+
29.Kg2 Rb1 30.f4 Rb3 31.Rb7 h6 32.h4 g6 33.b5 Kg7 34.b6 Kf6 35.Kf1 Rb2 36.Ke1 e5
37.fxe5+ Kxe5 38.Kf1 Kf6 39.Kg2 Rb3 40.Kf1 Rb2 41.Rb8 Kf5 42.b7 h5 43.Kg2 Rb3
44.f3 Rb2+ 45.Kf1 Kf6 46.Ke1 Kg7 47.Kd1 Rb5 48.Kc2 Rb4 49.Kc3 Rb5 50.Kc4 Rb1
51.g4 hxg4 52.fxg4 Rc1+ 53.Kd3 Rb1 54.h5 gxh5 55.gxh5 f5 56.Kd4 f4 57.Ke4 Kh7
58.Kxf4 Rb5 59.Ke4 Rb1 60.Kd3 Rb6 61.Kc4 Rb1 62.Kc5 Rc1+  1/2-1/2

[Event "26th Christmas Open Masters"]
[Site "Zurich SUI"]
[Date "2002.12.29"]
[Round "6"]
[White "Kelecevic,N"]
[Black "Kniest,O"]
[Result "1/2-1/2"]
[WhiteElo "2377"]
[BlackElo "2285"]

1.d4 e6 2.c4 b6 3.Nf3 Nf6 4.g3 Ba6 5.b3 Bb4+ 6.Bd2 Be7 7.Bg2 Bb7 8.O-O O-O
9.Nc3 d5 10.Ne5 c5 11.Be3 Na6 12.Qd2 Ne4 13.Nxe4 dxe4 14.Qb2 Qc7 15.dxc5 f6
16.c6 Bxc6 17.Nxc6 Qxc6 18.Rad1 Rad8 19.a3 Nb8 20.Qc2 f5 21.b4 Nd7 22.Bd4 Bf6
23.e3 Ne5 24.Bxe5 Bxe5 25.Rfe1 Bf6 26.Bf1 Rxd1 27.Rxd1 Rd8 28.Rxd8+  1/2-1/2

[Event "TCh-BEL 2002-3"]
[Site "Belgium BEL"]
[Date "2003.01.12"]
[Round "6"]
[White "Blees,A"]
[Black "Vanderstricht,G"]
[Result "0-1"]
[WhiteElo "2356"]
[BlackElo "2403"]

1.d4 Nf6 2.c4 e6 3.Nf3 b6 4.g3 Ba6 5.Qa4 Bb7 6.Bg2 c5 7.dxc5 Bxc5 8.O-O O-O
9.Nc3 Ne4 10.Qc2 Nxc3 11.Qxc3 d5 12.Rd1 d4 13.Qd3 Nc6 14.Ng5 g6 15.Ne4 Be7
16.Bh6 Re8 17.e3 e5 18.exd4 Nxd4 19.Nf6+ Bxf6 20.Bxb7 Rb8 21.Bd5 b5 22.Rac1 Qd7
23.Qe4 Qh3 24.Bd2 bxc4 25.Rxc4 Re7 26.Bb4 Rd7 27.Rdc1 Rxd5  0-1

[Event "ch-EGY 3rd Stage"]
[Site "Cairo EGY"]
[Date "2003.01.29"]
[Round "5"]
[White "Ezat,M"]
[Black "Labib,I"]
[Result "1-0"]
[WhiteElo "2381"]
[BlackElo "2439"]

1.d4 Nf6 2.c4 e6 3.Nf3 b6 4.g3 Ba6 5.b3 b5 6.cxb5 Bxb5 7.Bg2 c5 8.O-O Bc6
9.Ba3 Na6 10.Qc1 Rc8 11.Nbd2 cxd4 12.Qb2 Bb4 13.Bxb4 Nxb4 14.a3 Bxf3 15.Nxf3 Nc6
16.Nxd4 Nxd4 17.Qxd4 Qb6 18.Qd3 O-O 19.e4 e5 20.Rfd1 Rc6 21.Rac1 Rfc8 22.Rxc6 Rxc6
23.h3 g6 24.b4 Kg7 25.Bf3 Qc7 26.Kg2 Rc3 27.Qa6 h5 28.a4 h4 29.gxh4 d5 30.h5 Rc6
31.Qe2 dxe4 32.Bg4 Rc2 33.Qe3 Qb6 34.Qxb6 axb6 35.hxg6 Kxg6 36.Kg3 Rc3+ 37.Kg2 Rc4
38.Rb1 Nd5 39.a5 bxa5 40.bxa5 f5 41.Be2 Ra4 42.a6 Kg5 43.Bb5 Ra3 44.Bf1 e3
45.Rb2 Nf4+ 46.Kh2 exf2 47.Rxf2 e4 48.h4+ Kg4 49.h5 e3 50.Rb2 Kxh5 51.Bb5 Kg5
52.Kg3 Ne6 53.Bc4 f4+ 54.Kf3 Nd4+ 55.Ke4 Nf5 56.Rb5 Kg4 57.Rxf5 e2 58.Bxe2+ Kg3
59.Rg5+ Kf2 60.Bb5 f3 61.Rf5 Re3+ 62.Kd4 Ra3 63.Kc5 Ke1 64.Kb4  1-0

[Event "Kaissa Open"]
[Site "Kharkov UKR"]
[Date "2003.01.29"]
[Round "8"]
[White "Khodotov,J"]
[Black "Iljin,T"]
[Result "1-0"]
[WhiteElo "2361"]
[BlackElo "2119"]

1.d4 Nf6 2.c4 e6 3.Nf3 b6 4.g3 Ba6 5.b3 d5 6.Bg2 Bb4+ 7.Bd2 Be7 8.Bc3 O-O
9.O-O Nbd7 10.Nbd2 c5 11.Ne5 Rc8 12.Nxd7 Qxd7 13.dxc5 bxc5 14.cxd5 exd5 15.Re1 d4
16.Bb2 Nd5 17.Nf3 Bf6 18.Rc1 Qe6 19.Qd2 Rfd8 20.Ng5 Qb6 21.Ne4 Be7 22.h4 h6
23.Bh3 Rb8 24.Ba3 Nb4 25.Bxb4 cxb4 26.Qf4 Bd6 27.Nxd6 Rxd6 28.Qe5 Rbd8 29.Rc2 Rc6
30.Rec1 Rxc2 31.Rxc2 Qd6 32.Qxd6 Rxd6 33.Bf5 g6 34.Bd3 Bb7 35.Rc7 Bd5 36.Rxa7 Rc6
37.f3 Rc1+ 38.Kf2 Ra1 39.Ra4 Kf8 40.Bc4 Bc6 41.Rxb4 Rxa2 42.Rb6 Be8 43.Rd6 Rd2
44.Ke1 Rb2 45.Rxd4 Ke7 46.Rd1 Bc6 47.Ra1 Bd7 48.Kd1 Bf5 49.g4 Bc2+ 50.Kc1 Bxb3
51.Kxb2 Bxc4  1-0

[Event "ch-EGY 3rd Stage"]
[Site "Cairo EGY"]
[Date "2003.02.01"]
[Round "7"]
[White "El Gindy,E"]
[Black "Abdelnabbi,I"]
[Result "1/2-1/2"]
[WhiteElo "2467"]
[BlackElo "2414"]

1.d4 Nf6 2.c4 e6 3.Nf3 b6 4.g3 Ba6 5.Nbd2 c5 6.Bg2 Bb7 7.O-O cxd4 8.Nxd4 Bxg2
9.Kxg2 Qc8 10.b3 Nc6 11.N2f3 Nxd4 12.Qxd4 Bc5 13.Qd3 Qb7 14.Bb2 Be7 15.Kg1 Rd8
16.Rac1 h6 17.e4 d6 18.Qe2 O-O 19.e5 dxe5 20.Bxe5 Rd7 21.Rfd1 Rfd8 22.Rxd7 Qxd7
23.Bc3 Qb7 24.Rd1 Rxd1+ 25.Qxd1 Ne4 26.Bd4 Qd7 27.Qe2 Ng5 28.Bc3 Bc5 29.Nxg5 hxg5
30.b4 Be7 31.a3 f6 32.Qe4 Qd1+ 33.Kg2 Kf7 34.Qd4 Qxd4 35.Bxd4 e5 36.Bc3 g4
37.h3 gxh3+ 38.Kxh3 Ke6 39.Kg4 g6 40.Kf3 f5  1/2-1/2

[Event "FSIMA Feb"]
[Site "Budapest HUN"]
[Date "2003.02.02"]
[Round "2"]
[White "Berczes,D"]
[Black "Kovacs,Ga2"]
[Result "1-0"]
[WhiteElo "2261"]
[BlackElo "2382"]

1.d4 Nf6 2.c4 e6 3.Nf3 b6 4.g3 Ba6 5.b3 b5 6.cxb5 Bxb5 7.Bg2 a5 8.O-O Bc6
9.a3 Qc8 10.Re1 Qb7 11.Nbd2 Ne4 12.Bf1 Be7 13.Nxe4 Bxe4 14.Nd2 Bg6 15.e4 O-O
16.Bg2 c6 17.d5 exd5 18.exd5 Bf6 19.Ra2 cxd5 20.Nc4 Nc6 21.Bxd5 Qa6 22.Bb2 Bxb2
23.Rxb2 Bf5 24.b4 axb4 25.axb4 Rab8 26.Nd6 Be6 27.b5 Qa3 28.Nc4 Qc5 29.bxc6 Rxb2
30.Nxb2 Qxd5 31.Qxd5 Bxd5 32.c7 Rc8 33.Na4 Kf8 34.Nb6 Rxc7 35.Nxd5 Rc5 36.Rd1 Rc6
37.Kf1 f6 38.Ke2 Kf7 39.f4 Ke6 40.f5+ Kf7 41.Nb4 Rc7 42.Ke3 g6 43.Rd6 Ke7
44.Rxf6 Rc5 45.Rb6 Rxf5 46.Ke4 Kf7 47.Nd5 Rf2 48.h4 Rg2 49.Rf6+ Kg7 50.Rf3 Rg1
51.Rd3 Kf7 52.Nb6 Kg7 53.Rxd7+ Kh6 54.Kf3 Ra1 55.Nc4 Rf1+ 56.Kg2 Re1 57.Kf2 Re4
58.Ne3 g5 59.Kf3 Re6 60.Ng4+ Kg6  1-0

[Event "3rd GM"]
[Site "Griesheim GER"]
[Date "2003.02.05"]
[Round "8"]
[White "Grabarczyk,M"]
[Black "Kunin,V"]
[Result "1-0"]
[WhiteElo "2506"]
[BlackElo "2476"]

1.d4 Nf6 2.c4 e6 3.Nf3 b6 4.g3 Ba6 5.Qa4 Bb7 6.Bg2 Be7 7.O-O O-O 8.Nc3 Ne4
9.Qc2 Nxc3 10.Qxc3 c5 11.b3 Bf6 12.Bb2 cxd4 13.Nxd4 Bxg2 14.Kxg2 Nc6 15.Qd3 Rc8
16.Rad1 Ne7 17.Ba3 a6 18.e4 g6 19.Nf3 Rc7 20.Qd6 Re8 21.Qxb6 Qc8 22.Rd3 Nc6
23.Rfd1 Rb7 24.Qe3 Bg7 25.h4 a5 26.Bd6 a4 27.h5 Qa8 28.h6 Bh8 29.e5 f6 30.Kg1 axb3
31.axb3 Qa2 32.exf6 Bxf6 33.Be5 Nxe5 34.Nxe5 d6 35.Qf3 Bxe5 36.Qxb7 Rf8 37.Rf3 Qe2
38.Rxf8+ Kxf8 39.Rf1 Bd4 40.Qc8+ Kf7 41.Qd7+  1-0

[Event "FSIMB Feb"]
[Site "Budapest HUN"]
[Date "2003.02.11"]
[Round "11"]
[White "Goczo,M"]
[Black "Szabo,K"]
[Result "1/2-1/2"]
[WhiteElo "2222"]
[BlackElo "2239"]

1.d4 Nf6 2.Nf3 e6 3.c4 b6 4.g3 Ba6 5.b3 Bb4+ 6.Bd2 Be7 7.Nc3 O-O 8.Bg2 d5
9.cxd5 exd5 10.Qc2 c6 11.O-O Nbd7 12.Rfe1 Rc8 13.e4 dxe4 14.Ng5 c5 15.d5 Bd3
16.Qb2 Re8 17.Ngxe4 Nxe4 18.Nxe4 Bxe4 19.Bxe4 Bf6 20.Bc3 Bxc3 21.Qxc3 Qf6
22.Qc2 g6 23.Rad1 Qd6 24.Bg2 Re5 25.Rxe5 Nxe5 26.Re1 Re8 27.Re3 Re7 28.Qe2 Kf8
29.Qa6 Qf6 30.h3 Rc7 31.Qe2 Re7 32.Qa6 Rc7 33.Qe2  1/2-1/2

[Event "US Amateur Team East"]
[Site "Parsippany NJ USA"]
[Date "2003.02.15"]
[Round "2"]
[White "Ortega,An"]
[Black "Friedman,J"]
[Result "1/2-1/2"]
[WhiteElo "2244"]
[BlackElo "2181"]

1.d4 Nf6 2.Nf3 e6 3.c4 b6 4.g3 Ba6 5.b3 Bb4+ 6.Bd2 Be7 7.Qc2 Bb7 8.Nc3 d5
9.Bg2 O-O 10.O-O Na6 11.Rfd1 h6 12.Ne5 c6 13.Qb2 Nd7 14.Nd3 Bf6 15.e3 Nc7
16.cxd5 cxd5 17.b4 Rc8 18.Rac1 Nb8 19.b5 Ne8 20.Qa3 a5 21.Bf1 Nd6 22.Nb2 Qe7
23.Qb3  1/2-1/2

[Event "11th Vasja Pirc Mem"]
[Site "Maribor SLO"]
[Date "2003.02.20"]
[Round "6"]
[White "Mikhalchishin,A"]
[Black "Brkic,A"]
[Result "1/2-1/2"]
[WhiteElo "2561"]
[BlackElo "2402"]

1.Nf3 Nf6 2.c4 e6 3.d4 b6 4.g3 Ba6 5.b3 Bb4+ 6.Bd2 Be7 7.Nc3 c6 8.e4 d5 9.Qc2 dxe4
10.Nxe4 Bb7 11.Bd3 Nbd7  1/2-1/2

[Event "ch-CZE b18+20"]
[Site "Lahucovice CZE"]
[Date "2003.02.21"]
[Round "3"]
[White "Bernasek,J"]
[Black "Lahner,J"]
[Result "1-0"]
[WhiteElo "2422"]
[BlackElo "2241"]

1.d4 Nf6 2.c4 e6 3.Nf3 b6 4.g3 Ba6 5.Qb3 d5 6.cxd5 Qxd5 7.Qc2 Nc6 8.Nc3 Nb4
9.Qa4+ Qd7 10.Qb3 Qc6 11.Bg2 Bc4 12.Qd1 Rc8 13.O-O Qb7 14.Ne5 Bd5 15.e4 Nxe4
16.Nxe4 Bxe4 17.Qa4+  1-0

[Event "Open"]
[Site "Portsmouth ENG"]
[Date "2003.02.22"]
[Round "2"]
[White "Kemp,Pe"]
[Black "Gwaze,R"]
[Result "1/2-1/2"]
[WhiteElo "2192"]
[BlackElo "2341"]

1.d4 Nf6 2.c4 e6 3.Nf3 b6 4.g3 Ba6 5.b3 d5 6.Bg2 Bb4+ 7.Bd2 Be7 8.O-O O-O
9.Ne5 c6 10.Bc3 Ne4 11.Bb2 Nd6 12.cxd5 cxd5 13.Nc3 Bb7 14.Rc1 Nd7 15.Qd3 Rc8
16.Rc2 Kh8 17.Rfc1 Bg5 18.Ba3 Bxc1 19.Bxd6 Bg5 20.Bxf8 Nxe5 21.Bxg7+ Kxg7
22.dxe5 Qc7 23.a3 Be7 24.e4 Qxe5 25.exd5 exd5 26.Nb5 Rxc2 27.Qxc2 a6 28.Qc3 Qxc3
29.Nxc3 d4 30.Bxb7 dxc3 31.Be4 Bxa3 32.f4 h6 33.Kf2 b5 34.Ke2 Bc5 35.Kd3 Bg1
36.Kxc3 Bxh2 37.g4 Bxf4 38.b4 Bc7 39.Bb7 a5 40.Bc6 axb4+ 41.Kxb4 Kf6 42.Kxb5 Kg5
43.Bd7  1/2-1/2

[Event "Open"]
[Site "Cappelle la Grande FRA"]
[Date "2003.02.24"]
[Round "4"]
[White "Shneider,A"]
[Black "Aseev,K"]
[Result "1/2-1/2"]
[WhiteElo "2511"]
[BlackElo "2556"]

1.d4 Nf6 2.c4 e6 3.Nf3 b6 4.g3 Ba6 5.b3 Bb4+ 6.Bd2 Be7 7.Bg2 Bb7 8.O-O O-O
9.Nc3 d5 10.cxd5 exd5  1/2-1/2

[Event "Open"]
[Site "Cappelle la Grande FRA"]
[Date "2003.02.25"]
[Round "5"]
[White "Kononenko,T"]
[Black "Brodsky,M"]
[Result "0-1"]
[WhiteElo "2373"]
[BlackElo "2550"]

1.d4 Nf6 2.c4 e6 3.Nf3 b6 4.g3 Ba6 5.Nbd2 d5 6.Bg2 Be7 7.O-O O-O 8.Ne5 Bb7
9.cxd5 Nxd5 10.Ndc4 c5 11.dxc5 Bxc5 12.e4 Nf6 13.Qxd8 Rxd8 14.Bg5 Nbd7 15.Nd3 h6
16.Bxf6 gxf6 17.Rfd1 Be7 18.Ne3 Rac8 19.h4 Kg7 20.Nf4 Ne5 21.Rxd8 Rxd8 22.Rd1 Rc8
23.Nh5+ Kf8 24.Kh2 Bc5 25.Nxf6 Bxe3 26.fxe3 Ke7 27.Rf1 Rc2 28.Kh3 Ba6 29.Rf4 Nd3
30.e5 Nxf4+ 31.exf4 Rxb2 32.Ng8+ Kf8 33.Nxh6 Be2 34.g4 Rxa2 35.Kg3 a5 36.f5 a4
37.g5 Bh5  0-1

[Event "ch-Serbia"]
[Site "Dimitrovgrad YUG"]
[Date "2003.03.03"]
[Round "4"]
[White "Ilic,DB"]
[Black "Perunovic,Mio"]
[Result "1-0"]
[WhiteElo "2306"]
[BlackElo "2402"]

1.d4 Nf6 2.c4 e6 3.Nf3 b6 4.g3 Ba6 5.b3 Bb4+ 6.Bd2 Be7 7.Bg2 Bb7 8.O-O O-O
9.Nc3 d5 10.Ne5 Na6 11.cxd5 exd5 12.Bg5 Ne4 13.Nxe4 dxe4 14.Be3 c5 15.dxc5 Nxc5
16.Nc4 Bd5 17.Rc1 Rc8 18.Qd2 Rc7 19.Rfd1 Rd7 20.Ne5 Rd6 21.Bxc5 bxc5 22.Qc2 Re6
23.Nc4 Qa8 24.Ne3 Bc6 25.Bh3 Re5 26.Nf5 Bg5 27.e3 g6 28.Nd6 Bd8 29.b4 Bb6
30.a4 Qb8 31.b5 Bd5 32.Nc4 Rg5 33.Bg2 Re8 34.Rd2 h5 35.Rcd1 Bxc4 36.Qxc4 h4
37.Rd7 Rf8 38.R1d5 Rxd5 39.Qxd5 hxg3 40.hxg3 c4 41.Kh2 Qe8 42.Bxe4 Qe6 43.Qxe6 fxe6
44.Kg2 Rf7 45.Rd6 c3 46.Rxe6 Rd7 47.Rxg6+  1-0

[Event "ch-Serbia w"]
[Site "Dimitrovgrad YUG"]
[Date "2003.03.04"]
[Round "5"]
[White "Vasic,M"]
[Black "Vranesevic,D"]
[Result "1-0"]
[WhiteElo "2138"]
[BlackElo "2061"]

1.d4 Nf6 2.c4 e6 3.Nf3 b6 4.g3 Ba6 5.b3 b5 6.cxb5 Bxb5 7.Bg2 Bc6 8.O-O Qc8
9.a3 Qb7 10.Nc3 a5 11.Qc2 Ne4 12.Ne5 Nxc3 13.Nxc6 Nxe2+ 14.Qxe2 dxc6 15.Qc2 Be7
16.Bb2 O-O 17.Be4 g6 18.h4 Qb5 19.Kg2 Ra7 20.a4 Qh5 21.Rh1 Na6 22.Qc3 Bf6
23.f3 c5 24.g4 cxd4 25.Qd2 Qe5 26.Rae1 Qc5 27.g5 Bg7 28.h5 Qb4 29.Qf2 Qc5
30.Qg3 Qd6 31.Qh4 Qe7 32.hxg6 h6 33.gxh6 Qxh4 34.Rxh4 Bf6 35.g7 Bxh4 36.Bxd4 f6
37.gxf8=Q+ Kxf8 38.Rh1 e5 39.Rxh4 Kg8 40.h7+  1-0

[Event "Edda Rapid"]
[Site "Reykjavic ISL"]
[Date "2003.03.04"]
[Round "4"]
[White "Danielsen,Hen"]
[Black "Bjornsson,T"]
[Result "1/2-1/2"]
[WhiteElo "2501"]
[BlackElo "2272"]

1.d4 Nf6 2.Nf3 e6 3.c4 b6 4.g3 Ba6 5.b3 d5 6.cxd5 exd5 7.Bg2 Bb4+ 8.Bd2 Bxd2+
9.Qxd2 O-O 10.O-O Nbd7 11.Rd1 Re8 12.e3 Qe7 13.Nc3 c6 14.Rac1 Rac8 15.Rc2 Ne4
16.Qc1 Qf6 17.Qb2 Bb7 18.Ne2 h6 19.Nf4 Qd6 20.Bh3 Ng5 21.Bg2 Re7 22.Rdc1 Rce8
23.b4 Nxf3+ 24.Bxf3 b5 25.a4 Nb6 26.axb5 cxb5 27.Qa2 g5 28.Nd3  1/2-1/2

[Event "Edda Rapid"]
[Site "Reykjavic ISL"]
[Date "2003.03.04"]
[Round "6"]
[White "Halldorsson,Br"]
[Black "Ulfarsson,M"]
[Result "1/2-1/2"]
[WhiteElo "2239"]
[BlackElo "2371"]

1.d4 Nf6 2.c4 e6 3.Nf3 b6 4.g3 Ba6 5.b3 d5 6.Bg2 dxc4 7.Ne5 Bb4+ 8.Kf1 Bd6
9.Qc2 cxb3 10.axb3 Nd5 11.Rxa6 Nxa6 12.Qc6+ Kf8 13.Bxd5 exd5 14.Nxf7 Kxf7
15.Qxd5+ Ke8 16.Qc6+ Kf7 17.Qd5+  1/2-1/2

[Event "1st Breizh Masters"]
[Site "Guingamp FRA"]
[Date "2003.03.05"]
[Round "6"]
[White "Tripoteau,N"]
[Black "Le Roux,JP"]
[Result "1/2-1/2"]
[WhiteElo "2262"]
[BlackElo "2364"]

1.Nf3 Nf6 2.d4 e6 3.c4 b6 4.g3 Ba6 5.Qa4 Bb7 6.Bg2 c5 7.O-O cxd4 8.Nxd4 Bxg2
9.Kxg2 Be7 10.Nc3 Qc8 11.Bf4 a6 12.Rfd1 O-O 13.e4 Qb7 14.Qc2 Rc8 15.Qd3 Nc6
16.f3 d6 17.Nc2 Rd8 18.Qe2 Rac8 19.g4 Ne5 20.Ne3 Ng6 21.Bg3 Nd7 22.a4 Nde5
23.f4 Nd7 24.Qf3 a5 25.g5 f6 26.h4 fxg5 27.hxg5 Rf8 28.Qg4 Nc5 29.f5 exf5
30.Nxf5 Ne6 31.Nd5 Bxg5 32.Bxd6 Rfe8 33.Nfe7+ Bxe7 34.Qxe6+ Kh8 35.Rh1 Nh4+
36.Kg3 Bf8 37.Qg4 Bxd6+ 38.Kxh4 Rxc4 39.Rae1 h6 40.Qg6 Qxd5 41.Qxe8+ Kh7
42.Rhg1 Be5 43.Qg6+ Kh8 44.Qe8+  1/2-1/2

[Event "Milovan Prvulj Mem"]
[Site "Pancevo YUG"]
[Date "2003.03.05"]
[Round "8"]
[White "Micic,C"]
[Black "Illijin,N"]
[Result "1/2-1/2"]
[WhiteElo "2408"]
[BlackElo "2282"]

1.d4 Nf6 2.c4 e6 3.Nf3 b6 4.g3 Ba6 5.b3 Bb4+ 6.Bd2 Be7 7.Bg2 c6 8.Bc3 d5
9.Nbd2 Nbd7 10.O-O O-O 11.Re1 Rc8 12.e4 dxe4 13.Ng5 c5 14.Ngxe4 cxd4 15.Bxd4 Nc5
16.Bxc5 Bxc5 17.Nxc5 Rxc5 18.Qe2 Qe7 19.Rad1 Bb7 20.Nf3 Rcc8 21.Ne5 Rfd8
22.Rxd8+ Rxd8 23.Nc6 Bxc6 24.Bxc6 Qd6 25.Bf3 Qd2 26.Kg2 Qxe2 27.Rxe2 Kf8
28.Rc2 Ke7  1/2-1/2

[Event "ch-Serbia w"]
[Site "Dimitrovgrad YUG"]
[Date "2003.03.07"]
[Round "8"]
[White "Tuvic,N"]
[Black "Vranesevic,D"]
[Result "1-0"]
[WhiteElo "2042"]
[BlackElo "2061"]

1.d4 Nf6 2.c4 e6 3.Nf3 b6 4.g3 Ba6 5.Nbd2 Bb4 6.Qc2 Bb7 7.Bg2 Be4 8.Qb3 Bxd2+
9.Bxd2 O-O 10.O-O Qc8 11.Rfd1 Qb7 12.Rac1 d5 13.c5 b5 14.Ne5 Bxg2 15.Kxg2 Nc6
16.Nf3 Rfe8 17.Bf4 Na5 18.Qc2 Nc4 19.Ne5 c6 20.Nxc4 bxc4 21.b3 cxb3 22.Qxb3 Qxb3
23.axb3 Re7 24.Ra1 a6 25.Ra5 Rea7 26.f3 Kf8 27.Rda1 Ke8 28.R5a3 Kd7 29.Bd2 Ne8
30.Ba5 Nc7 31.Kf2 f6 32.e3 e5 33.Ke2 exd4 34.exd4 Nb5 35.Ra4 Nc7 36.Kd3 Rb7
37.Bb6 Rab8 38.h4 Ra8 39.Bxc7 Kxc7 40.Rxa6 Rxa6 41.Rxa6 Rxb3+ 42.Kc2 Kb7
43.Rxc6 Rxf3 44.Rd6 Rxg3 45.Rxd5 Rg4 46.Kc3 Kc7 47.Rh5 h6 48.Kc4 Kc6 49.Rd5 Rxh4
50.Rd6+ Kc7 51.Kd5 Rg4 52.Ke6 h5 53.d5 h4 54.Rd7+ Kc8 55.c6 h3 56.d6  1-0

[Event "ch-Serbia w"]
[Site "Dimitrovgrad YUG"]
[Date "2003.03.08"]
[Round "9"]
[White "Vasic,M"]
[Black "Tuvic,N"]
[Result "1/2-1/2"]
[WhiteElo "2138"]
[BlackElo "2042"]

1.d4 Nf6 2.c4 e6 3.Nf3 b6 4.g3 Ba6 5.b3 b5 6.cxb5 Bxb5 7.Bg2 Bc6 8.O-O Qc8
9.a3 a5 10.Nbd2 Qb7 11.Qc2 Bd5 12.Re1 Ne4 13.Nh4 Nxd2 14.Bxd5 Qxd5 15.Qxd2 Nc6
16.Bb2 Qxb3 17.e4 Rb8 18.Bc3 Bxa3 19.Reb1 Qxb1+ 20.Rxb1 Rxb1+ 21.Kg2 Bb4
22.Qc2 Bxc3 23.Qxb1 Bxd4 24.Nf3 Bc3 25.Qb3 Bb4 26.e5 Ke7 27.Qe3 h6 28.Qe4 Bc5
29.Qh4+ Ke8 30.Qg4 Rg8 31.Qe4 Bb6 32.Qh7 Ne7 33.Qe4 d6 34.exd6 cxd6 35.Qa8+ Kd7
36.Qb7+ Bc7 37.Qb5+ Kd8 38.Nd4 Re8 39.Qb7 Kd7 40.Qb5+ Kd8 41.Qb7 Kd7 42.Qb5+  1/2-1/2

[Event "Spring Festival GM"]
[Site "Bucharest ROM"]
[Date "2003.03.13"]
[Round "11"]
[White "Itkis,B"]
[Black "Parligras,M"]
[Result "1/2-1/2"]
[WhiteElo "2452"]
[BlackElo "2497"]

1.d4 Nf6 2.c4 e6 3.Nf3 b6 4.g3 Ba6 5.Qa4 c5 6.Bg2 Bb7 7.dxc5 bxc5 8.O-O Be7
9.Nc3 O-O 10.Bf4 d6 11.Rfd1 Qb6 12.Rd2 Nc6 13.Rad1 Rfd8 14.Bxd6 Bxd6 15.Rxd6 Qxb2
16.Qb3 Qxb3 17.axb3 Rxd6 18.Rxd6 Rd8 19.Rxd8+ Nxd8 20.Ne5 Kf8 21.Na4 Bxg2
22.Kxg2 Nb7 23.Kf3 Ke7 24.Ke3 Nd7 25.Nc6+  1/2-1/2

[Event "TCh-CZE 2002-3"]
[Site "Czech Rep CZE"]
[Date "2003.03.16"]
[Round "9"]
[White "Jaworski,Mi"]
[Black "Vyskocil,N"]
[Result "1/2-1/2"]
[WhiteElo "2345"]
[BlackElo "2387"]

1.d4 Nf6 2.c4 e6 3.Nf3 b6 4.g3 Ba6 5.b3 Bb4+ 6.Bd2 Be7 7.Bg2 c6 8.Bc3 d5
9.Ne5 Nfd7 10.Nxd7 Nxd7 11.Nd2 Nf6 12.O-O O-O 13.Re1 c5 14.dxc5 Bxc5 15.Bb2 Rc8
16.cxd5 Nxd5 17.Ne4 Bb4  1/2-1/2

[Event "19th Open"]
[Site "Bad Woerishofen GER"]
[Date "2003.03.20"]
[Round "8"]
[White "Daeubler,H"]
[Black "Heika,M"]
[Result "0-1"]
[WhiteElo "2180"]
[BlackElo "2355"]

1.d4 Nf6 2.c4 e6 3.Nf3 b6 4.g3 Ba6 5.Qa4 Bb7 6.Bg2 c5 7.dxc5 Bxc5 8.O-O O-O
9.Nc3 Qc8 10.Bf4 d5 11.cxd5 Nxd5 12.Nxd5 Bxd5 13.b4 Be7 14.Rac1 Qe8 15.Qc2 Nc6
16.a3 Bxf3 17.Bxf3 Nd4 18.Qe4 Nxf3+ 19.Qxf3 a5 20.Qc6 axb4 21.axb4 e5 22.Be3 b5
23.Qxe8 Rfxe8 24.Bc5 Bg5 25.Ra1 Red8 26.e3 f5 27.Ra5 Rxa5 28.bxa5 Ra8 29.Bb4 Bd8
30.Rb1 Ra7 31.Ra1 Kf7 32.a6 Ke6 33.Bc5 Ra8 34.e4 fxe4 35.a7 Kd5 36.Be3 Be7
37.Rd1+ Kc6 38.Rc1+ Kb7 39.Rd1 Kc6 40.Rc1+ Kb7 41.Rd1 Rd8 42.Rxd8 Bxd8 43.Kf1 Ba5
44.Ke2 Bc3 45.f4 exf3+ 46.Kxf3 b4  0-1

[Event "19th Open"]
[Site "Bad Woerishofen GER"]
[Date "2003.03.20"]
[Round "8"]
[White "Levin,F"]
[Black "Kritz,L"]
[Result "1/2-1/2"]
[WhiteElo "2523"]
[BlackElo "2484"]

1.d4 Nf6 2.c4 e6 3.Nf3 b6 4.g3 Ba6 5.Qb3 d5 6.cxd5 Qxd5 7.Qc2 Bb4+ 8.Nc3 Nc6
9.Bd2 Bxc3 10.Bxc3 Ne4 11.Bg2 Nxc3 12.Qxc3 Nd8 13.O-O Rc8 14.Rfe1 O-O 15.Ne5 Qd6
16.b4 Bb7 17.Nc4 Qd7 18.Ne5 Qd6 19.Bxb7 Nxb7 20.Nc6 Ra8 21.Rac1 Nd8 22.Ne5 f6
23.Nd3 Rf7 24.Nf4 c6 25.Qb2 Rc8 26.Red1 Rd7 27.Qb3 Rcc7 28.e4 Kf7 29.h4 Qe7
30.d5 Qd6 31.dxe6+ Nxe6 32.b5 cxb5 33.Nd5  1/2-1/2

[Event "XII It III"]
[Site "Dos Hermanas ESP"]
[Date "2003.04.02"]
[Round "5"]
[White "Komljenovic,D"]
[Black "Lakos,N"]
[Result "0-1"]
[WhiteElo "2431"]
[BlackElo "2350"]

1.d4 Nf6 2.c4 e6 3.Nf3 b6 4.g3 Ba6 5.Qb3 c5 6.d5 exd5 7.cxd5 d6 8.Nc3 Be7
9.Bg2 O-O 10.O-O Nbd7 11.h3 b5 12.Nxb5 Rb8 13.a4 Bb7 14.Nxa7 Bxd5 15.Qd1 Qa5
16.Nb5 Rxb5 17.Bd2 Rb4 18.Bxb4 Qxb4 19.a5 Ra8 20.Qa4 Qxa4 21.Rxa4 Ra6 22.Nd2 Bxg2
23.Kxg2 Bd8 24.Rfa1 Kf8 25.e4 Ne5 26.b4 cxb4 27.Rxb4 Rxa5 28.Rxa5 Bxa5 29.Rb8+ Ke7
30.Rb7+ Ned7 31.Nc4 Bc3 32.Nb6 Ke6 33.Nxd7 Nxd7 34.Rb3 Bd4 35.f4 g6 36.Kf3 h5
37.Rb4 Bc5 38.Rb7 f5 39.exf5+ gxf5 40.Rc7 Nf6 41.Rg7 d5 42.Rc7 Bd6 43.Ra7 d4
44.Ra6 d3 45.Ra1 d2 46.Ke2 Ne4 47.Ra7 Nxg3+  0-1

[Event "GM"]
[Site "Evry FRA"]
[Date "2003.04.12"]
[Round "3"]
[White "David,Alb"]
[Black "Bellaiche,A"]
[Result "1-0"]
[WhiteElo "2548"]
[BlackElo "2424"]

1.d4 Nf6 2.c4 e6 3.Nf3 b6 4.g3 Ba6 5.Qa4 Bb7 6.Bg2 c5 7.dxc5 Bxc5 8.O-O O-O
9.Nc3 Be7 10.Bf4 Na6 11.Rfd1 Nc5 12.Qc2 Qc8 13.Rac1 Nce4 14.Nd4 Nxc3 15.Qxc3 a6
16.Qb3 Bxg2 17.Kxg2 Qb7+ 18.Qf3 Ra7 19.Qxb7 Rxb7 20.f3 Rc8 21.e4 d6 22.Ne2 Ne8
23.b3 h6 24.h4 Kf8 25.a4 Rc6 26.Bd2 Nf6 27.Nf4 Nd7 28.Bb4 Nc5 29.Rc3 g5 30.hxg5 hxg5
31.Ne2 g4 32.Nd4 Rc8 33.Re3 gxf3+ 34.Nxf3 Rd8 35.Nd4 Rc8 36.Nf3 Ke8 37.Nd4 Bg5
38.Re2 Rd7 39.Nf3 Bh6 40.Nd4 Kd8 41.a5 Kc7 42.axb6+ Kxb6 43.Be1 Kb7 44.b4 Na4
45.Nb3 Kc7 46.Ra1 Nb6 47.c5 Nc4 48.Rxa6 dxc5 49.Nxc5 Re7 50.Bc3 Bg5 51.Kf3 Ree8
52.Rea2 Kd8 53.Ra1 e5 54.Rh1 Ke7 55.Rh5 Rg8 56.Ra7+ Kf6 57.Rh7 Kg6 58.Rhxf7 Rc6
59.Rac7 Rd6 60.Rfd7 Rf6+ 61.Ke2 Rgf8 62.Nd3 Rf3 63.Rxc4 Re3+ 64.Kd1 Rxg3
65.Kc2  1-0

[Event "9th Werther Schloss Open"]
[Site "Werther GER"]
[Date "2003.04.13"]
[Round "5"]
[White "Epishin,V"]
[Black "Shengelia,D"]
[Result "1-0"]
[WhiteElo "2628"]
[BlackElo "2457"]

1.d4 Nf6 2.c4 e6 3.Nf3 b6 4.g3 Ba6 5.b3 Bb4+ 6.Bd2 Be7 7.Nc3 c6 8.e4 d5 9.e5 Ne4
10.Bd3 Nxc3 11.Bxc3 c5 12.dxc5 Bxc5 13.Qe2 Bb7 14.Rd1 Qc7 15.cxd5 Bxd5 16.Be4 Bxe4
17.Qxe4 Qc6 18.Qd3 Nd7 19.O-O Rd8 20.b4 Be7 21.Nd4 Qb7 22.Nb5 O-O 23.Nd6 Bxd6
24.exd6 Rc8 25.Rfe1 b5 26.Bd4 Rc4 27.Qe3 a6 28.Qg5 f6 29.Qg4 e5 30.Qe6+ Rf7
31.Bc5 g6 32.Rc1 Nf8 33.Qe8 Kg7 34.Be3 g5 35.a3 h5 36.Rxc4 bxc4 37.Rc1 Qf3
38.Qc8 h4 39.Qxc4 h3 40.Kf1 Qg2+ 41.Ke2 f5 42.Bxg5 f4 43.gxf4 Ng6 44.Bh6+ Kxh6
45.Qxf7 Qe4+ 46.Kd2 Qd4+ 47.Kc2 Qxd6 48.Rg1 exf4 49.Qxg6+  1-0

[Event "FSIMB April"]
[Site "Budapest HUN"]
[Date "2003.04.14"]
[Round "10"]
[White "Hardicsay,P"]
[Black "Horvath,An"]
[Result "1/2-1/2"]
[WhiteElo "2316"]
[BlackElo "2278"]

1.d4 Nf6 2.c4 e6 3.Nf3 b6 4.g3 Ba6 5.Nbd2 Bb7 6.Bg2 c5 7.e4 cxd4 8.Nxd4 a6
9.O-O Qc7 10.Qe2 d6 11.b3 Be7 12.Bb2 O-O 13.Rad1  1/2-1/2